Goodwill magazín o ekonomike, biznise, vede a spoločnosti

Na minha lista:
Detalhes bibliográficos
Formato: Periódico
Idioma:eslovaco
Publicado em: Bratislava WTC-Macro Enviro 2019
Assuntos:
Tags: Adicionar Tag
Sem tags, seja o primeiro a adicionar uma tag!

MARC

LEADER 00000nas2a2200000 4500
001 0298306
005 20240116150518.5
022 |a 1337-9798 
041 0 |a slo 
044 |a SK 
245 1 0 |a Goodwill  |b magazín o ekonomike, biznise, vede a spoločnosti 
264 1 |a Bratislava  |b WTC-Macro Enviro  |c 2019 
773 0 |w eu_un_cat*0094658 
610 2 0 |a prostredie ekonomické 
610 2 0 |a goodwill 
610 2 0 |a stratégia podnikateľská 
610 2 0 |a kultúra podniková